[Event "Leverkusen Bayer op 9th"]
[Site "Leverkusen"]
[Date "2011.04.11"]
[Round "7"]
[White "Van Kempen, Heinz Erich"]
[Black "Karwatzki, Hans Juergen"]
[Result "1-0"]
[WhiteElo "1640"]
[BlackElo "1744"]
[PlyCount "59"]
[EventDate "2011.01.10"]
[EventType "swiss"]
[EventRounds "7"]
[EventCountry "GER"]
[SourceTitle "EXT 2012"]
[Source "ChessBase"]
[SourceDate "2011.11.24"]
[SourceVersion "1"]
[SourceVersionDate "2011.11.24"]
[SourceQuality "1"]

1. e4 e5 2. Nf3 Nc6 3. d4 exd4 4. Nxd4 Bc5 5. Be3 Qf6 6. c3 Nge7 7. Bc4 0-0 8. Nxc6 Bxe3 9. Nxe7+ Kh8 10. fxe3 Qh4+ 11. g3 Qxe4 12. Bd5 Qxe7 13. Qd3 c6 14. Bg2 d5 15. 0-0 f5 16. Nd2 g5 17. Nf3 a5 18. Nd4 f4 19. exf4 c5 20. Nc2 Bf5 21. Qd2 Bxc2 22. Qxc2 Rae8 23. fxg5 Qe3+ 24. Kh1 d4 25. cxd4 cxd4 26. Rxf8+ Rxf8 27. Rf1 Rxf1+ 28. Bxf1 Qf3+ 29. Bg2 Qg4 30. Be4 1-0

[Event "Leverkusen Bayer op 9th"]
[Site "Leverkusen"]
[Date "2011.03.28"]
[Round "6"]
[White "Van Kempen, Heinz Erich"]
[Black "Remmler, Dirk"]
[Result "1/2-1/2"]
[WhiteElo "1640"]
[BlackElo "1743"]
[PlyCount "52"]
[EventDate "2011.01.10"]
[EventType "swiss"]
[EventRounds "7"]
[EventCountry "GER"]
[SourceTitle "EXT 2012"]
[Source "ChessBase"]
[SourceDate "2011.11.24"]
[SourceVersion "1"]
[SourceVersionDate "2011.11.24"]
[SourceQuality "1"]

1. e4 e6 2. d4 d5 3. Nc3 Nf6 4. e5 Nfd7 5. f4 c5 6. Nf3 Nc6 7. Be3 a6 8. Be2 cxd4 9. Nxd4 g6 10. Nxc6 bxc6 11. 0-0 Rb8 12. Rb1 Qa5 13. Bd2 Qc7 14. Be3 Qa5 15. Bd2 Qc7 16. Be3 c5 17. Bf2 Bb7 18. Bf3 Nb6 19. b3 Rd8 20. Bh4 Be7 21. Qe1 Bxh4 22. Qxh4 Qe7 23. Qh6 Qf8 24. Qh4 Qe7 25. Qh6 Qf8 26. Qh4 Qe7 1/2-1/2

[Event "Leverkusen Bayer op 9th"]
[Site "Leverkusen"]
[Date "2011.01.10"]
[Round "1"]
[White "Liebsch, Felix"]
[Black "Van Kempen, Heinz Erich"]
[Result "1/2-1/2"]
[WhiteElo "1594"]
[BlackElo "1640"]
[PlyCount "34"]
[EventDate "2011.01.10"]
[EventType "swiss"]
[EventRounds "7"]
[EventCountry "GER"]
[SourceTitle "EXT 2012"]
[Source "ChessBase"]
[SourceDate "2011.11.24"]
[SourceVersion "1"]
[SourceVersionDate "2011.11.24"]
[SourceQuality "1"]

1. e4 c5 2. c3 Nf6 3. e5 Nd5 4. d4 cxd4 5. Nf3 e6 6. cxd4 Nc6 7. a3 Qa5+ 8. Bd2 Bb4 9. Bc4 Nb6 10. Ba2 Bxd2+ 11. Qxd2 Qxd2+ 12. Nbxd2 0-0 13. Ne4 a5 14. Nd6 Ne7 15. 0-0 Nbd5 16. g3 b6 17. Rac1 Ba6 1/2-1/2

[Event "Leverkusen-ch op"]
[Site "Leverkusen"]
[Date "2010.02.22"]
[Round "3"]
[White "Van Kempen, Heinz Erich"]
[Black "Blumenthal, Ralf"]
[Result "0-1"]
[WhiteElo "2097"]
[BlackElo "1803"]
[PlyCount "52"]
[EventDate "2010.01.18"]
[EventType "swiss"]
[EventRounds "7"]
[EventCountry "GER"]
[SourceTitle "EXT 2011"]
[Source "ChessBase"]
[SourceDate "2010.11.26"]
[SourceVersion "1"]
[SourceVersionDate "2010.11.26"]
[SourceQuality "1"]

1. e4 c5 2. d4 cxd4 3. c3 dxc3 4. Nxc3 e6 5. Nf3 a6 6. Bf4 Nc6 7. Bc4 Be7 8. 0-0 d6 9. Qe2 Qc7 10. Rac1 Nf6 11. e5 dxe5 12. Nxe5 Nxe5 13. Bxe5 Qa5 14. Rfd1 0-0 15. Bd6 Bxd6 16. Rxd6 b5 17. Bb3 Bb7 18. Rcd1 Rfd8 19. h3 Rxd6 20. Rxd6 b4 21. Na4 Qg5 22. f3 h6 23. Qd1 Bd5 24. Bxd5 Nxd5 25. Kh1 Rc8 26. Qd4 Qg3 0-1

[Event "Leverkusen-ch op"]
[Site "Leverkusen"]
[Date "2009.04.06"]
[Round "6"]
[White "Van Kempen, Heinz Erich"]
[Black "Ziabari, Morteza"]
[Result "1/2-1/2"]
[WhiteElo "1707"]
[BlackElo "1840"]
[PlyCount "103"]
[EventDate "2009.01.12"]
[EventType "swiss"]
[EventRounds "7"]
[EventCountry "GER"]
[SourceTitle "EXT 2010"]
[Source "ChessBase"]
[SourceDate "2010.11.25"]
[SourceVersion "1"]
[SourceVersionDate "2010.11.25"]
[SourceQuality "1"]

1. e4 d6 2. d4 Nf6 3. Nc3 c6 4. f4 Qa5 5. Bd2 e5 6. fxe5 dxe5 7. dxe5 Qxe5 8. Nf3 Qc7 9. e5 Ng4 10. Bf4 Qb6 11. Qd2 Bb4 12. h3 Nh6 13. Bxh6 gxh6 14. 0-0-0 Be6 15. Nd4 Bxa2 16. Nf5 Bd5 17. Ng7+ Kd8 18. e6 Qa5 19. Qxd5+ cxd5 20. Rxd5+ Ke7 21. Rxa5 Bxa5 22. Nd5+ Kd6 23. e7 Nc6 24. e8Q Rhxe8 25. Nxe8+ Rxe8 26. Bc4 Kc5 27. Ba2 Rd8 28. c3 Rxd5 29. b4+ Nxb4 30. cxb4+ Bxb4 31. Bxd5 Kxd5 32. Rf1 Ke6 33. Rf4 a5 34. Rh4 Bf8 35. Rc4 b5 36. Rc8 Bd6 37. Kc2 Be5 38. Rc6+ Kd5 39. Rxh6 a4 40. Rxh7 Ke6 41. Rh4 Bd6 42. Rg4 f5 43. Rg6+ Ke5 44. h4 Bc5 45. h5 b4 46. h6 b3+ 47. Kb2 Bd4+ 48. Ka3 Bc5+ 49. Kxa4 b2 50. h7 b1Q 51. h8Q+ Kd5 52. Qa8+ 1/2-1/2

[Event "Leverkusen-ch op"]
[Site "Leverkusen"]
[Date "2008.03.10"]
[Round "5"]
[White "Ljuboschiz, Alexander"]
[Black "Van Kempen, Heinz Erich"]
[Result "1-0"]
[WhiteElo "2141"]
[BlackElo "1722"]
[PlyCount "51"]
[EventDate "2008.01.14"]
[EventType "swiss"]
[EventRounds "7"]
[EventCountry "GER"]
[SourceTitle "EXT 2010"]
[Source "ChessBase"]
[SourceDate "2010.11.25"]
[SourceVersion "1"]
[SourceVersionDate "2010.11.25"]
[SourceQuality "1"]

1. e4 c5 2. Nf3 Nc6 3. Nc3 d6 4. d4 cxd4 5. Nxd4 Nf6 6. Be2 e6 7. Be3 Be7 8. Qd2 0-0 9. 0-0-0 a6 10. f4 Bd7 11. g4 e5 12. Nf5 Bxf5 13. gxf5 b5 14. Bf3 Rc8 15. Rhg1 Nb4 16. Qg2 Ne8 17. fxe5 Rxc3 18. bxc3 Nxa2+ 19. Kb2 Qa5 20. Ra1 Qxc3+ 21. Kxa2 Qxe3 22. f6 Bd8 23. fxg7 b4 24. gxf8Q+ Kxf8 25. Qg8+ Ke7 26. Qg5+ 1-0

[Event "Leverkusen-ch op"]
[Site "Leverkusen"]
[Date "2008.01.28"]
[Round "2"]
[White "Kayser, Manfred"]
[Black "Van Kempen, Heinz Erich"]
[Result "0-1"]
[WhiteElo "1182"]
[BlackElo "1722"]
[PlyCount "80"]
[EventDate "2008.01.14"]
[EventType "swiss"]
[EventRounds "7"]
[EventCountry "GER"]
[SourceTitle "EXT 2010"]
[Source "ChessBase"]
[SourceDate "2010.11.25"]
[SourceVersion "1"]
[SourceVersionDate "2010.11.25"]
[SourceQuality "1"]

1. d4 Nf6 2. e3 e6 3. c4 d5 4. Nc3 b6 5. Nf3 Bb7 6. Be2 Nbd7 7. 0-0 Be7 8. Bd3 0-0 9. a3 dxc4 10. Bxc4 Ne4 11. d5 Nxc3 12. bxc3 exd5 13. Bxd5 Bxd5 14. Qxd5 Nf6 15. Qd4 c5 16. Qc4 Qd5 17. Qxd5 Nxd5 18. c4 Bf6 19. Rb1 Nc3 20. Rb2 Ne4 21. Rc2 Rad8 22. Bb2 Bxb2 23. Rxb2 Rd3 24. Ra2 Rc3 25. Ne5 f6 26. Nc6 Rxc4 27. Nxa7 Ra8 28. Nc6 Rca4 29. Rb2 Rxa3 30. Rxb6 Nd2 31. Rd1 c4 32. g3 c3 33. Nd4 Rd8 34. Kg2 Rc8 35. Rc1 Ra2 36. Nc6 Re8 37. Rxc3 Ne4 38. Rd3 Rxf2+ 39. Kh3 Ng5+ 40. Kg4 Re4+ 0-1

[Event "Leverkusen-ch op"]
[Site "Leverkusen"]
[Date "2008.01.14"]
[Round "1"]
[White "Van Kempen, Heinz Erich"]
[Black "Lommen, Frank"]
[Result "0-1"]
[WhiteElo "1722"]
[BlackElo "2025"]
[PlyCount "50"]
[EventDate "2008.01.14"]
[EventType "swiss"]
[EventRounds "7"]
[EventCountry "GER"]
[SourceTitle "EXT 2010"]
[Source "ChessBase"]
[SourceDate "2010.11.25"]
[SourceVersion "1"]
[SourceVersionDate "2010.11.25"]
[SourceQuality "1"]

1. e4 c5 2. Nf3 e6 3. d4 cxd4 4. Nxd4 a6 5. Nc3 Qc7 6. Be2 b5 7. Bf3 Bb7 8. 0-0 d6 9. a3 Nf6 10. Re1 Be7 11. e5 dxe5 12. Bxb7 Qxb7 13. Rxe5 Nbd7 14. Rg5 0-0 15. Qe2 Rfe8 16. Bd2 Bc5 17. Nb3 Bd6 18. Rd1 Qb8 19. f4 Bxf4 20. Bxf4 Qxf4 21. Rg3 Qc7 22. Rf1 Rac8 23. Qe3 g6 24. Qg5 Qb6+ 25. Re3 Ng4 0-1

[Event "IECC P email"]
[Site "IECC email"]
[Date "2002.11.11"]
[Round "?"]
[White "Kul, Ivan"]
[Black "Van Kempen, Heinz Erich"]
[Result "1-0"]
[WhiteElo "1266"]
[BlackElo "2525"]
[PlyCount "21"]
[EventDate "2002.??.??"]
[EventType "tourn (corr)"]
[EventRounds "6"]
[SourceTitle "Corr 2008"]
[Source "ChessBase"]
[SourceDate "2008.06.24"]
[SourceVersion "1"]
[SourceVersionDate "2008.06.24"]
[SourceQuality "1"]

1. e4 c5 2. Nf3 d6 3. d4 cxd4 4. Nxd4 Nf6 5. Nc3 a6 6. Be2 e6 7. 0-0 Be7 8. f4 0-0 9. Be3 Qc7 10. g4 b5 11. g5 1-0

[Event "LIPEAP jub30-A corr"]
[Site "LIPEAP corr"]
[Date "2002.10.05"]
[Round "?"]
[White "Sosa Patino, Carlos"]
[Black "Van Kempen, Heinz Erich"]
[Result "1/2-1/2"]
[WhiteElo "2525"]
[BlackElo "2554"]
[PlyCount "33"]
[EventDate "2002.10.05"]
[EventType "tourn (corr)"]
[EventRounds "16"]
[EventCountry "ARG"]
[SourceTitle "Corr 2008"]
[Source "ChessBase"]
[SourceDate "2008.06.24"]
[SourceVersion "1"]
[SourceVersionDate "2008.06.24"]
[SourceQuality "1"]

1. d4 d5 2. c4 dxc4 3. e4 e5 4. Nf3 exd4 5. Bxc4 Bb4+ 6. Nbd2 Nc6 7. 0-0 Nf6 8. e5 Nd5 9. Nb3 Be7 10. Bb5 Bd7 11. Bxc6 Bxc6 12. Nfxd4 Qd7 13. Re1 0-0 14. Qf3 Rfe8 15. Qg3 Bf8 16. Bh6 b6 17. Rad1 1/2-1/2

[Event "LIPEAP jub30-A corr"]
[Site "LIPEAP corr"]
[Date "2002.10.05"]
[Round "?"]
[White "Van Kempen, Heinz Erich"]
[Black "Acevedo Villalba, Angel"]
[Result "0-1"]
[WhiteElo "2554"]
[BlackElo "2524"]
[PlyCount "84"]
[EventDate "2002.10.05"]
[EventType "tourn (corr)"]
[EventRounds "16"]
[EventCountry "ARG"]
[SourceTitle "Corr 2008"]
[Source "ChessBase"]
[SourceDate "2008.06.24"]
[SourceVersion "1"]
[SourceVersionDate "2008.06.24"]
[SourceQuality "1"]

1. e4 c5 2. Nf3 d6 3. d4 cxd4 4. Nxd4 Nf6 5. Nc3 e6 6. g4 h6 7. h4 Be7 8. Bg2 Nc6 9. g5 hxg5 10. hxg5 Rxh1+ 11. Bxh1 Nh7 12. Nxc6 bxc6 13. Qh5 Nf8 14. Be3 Qa5 15. 0-0-0 e5 16. Qh8 Rb8 17. Bf3 Rxb2 18. Kxb2 Qb4+ 19. Kc1 Qxc3 20. Rd3 Qa1+ 21. Kd2 d5 22. exd5 Bb4+ 23. c3 Qb2+ 24. Ke1 Ba6 25. cxb4 Bxd3 26. Qxg7 cxd5 27. a3 Qc3+ 28. Kd1 Qc2+ 29. Ke1 Nd7 30. Bd1 Qc3+ 31. Bd2 Qxa3 32. Qh6 Bg6 33. b5 Qc5 34. Be2 Qd4 35. Qh8+ Ke7 36. Qc8 Nc5 37. Qc7+ Kf8 38. Kf1 Kg7 39. Qxa7 Qh4 40. Kg2 Ne4 41. Be1 Qxg5+ 42. Kh2 Qc1 0-1

[Event "LIPEAP jub30-A corr"]
[Site "LIPEAP corr"]
[Date "2002.10.05"]
[Round "?"]
[White "Van Kempen, Heinz Erich"]
[Black "Patrici, Norberto Eugenio"]
[Result "1/2-1/2"]
[WhiteElo "2554"]
[BlackElo "2527"]
[PlyCount "89"]
[EventDate "2002.10.05"]
[EventType "tourn (corr)"]
[EventRounds "16"]
[EventCountry "ARG"]
[SourceTitle "Corr 2008"]
[Source "ChessBase"]
[SourceDate "2008.06.24"]
[SourceVersion "1"]
[SourceVersionDate "2008.06.24"]
[SourceQuality "1"]

1. e4 e5 2. Nf3 Nc6 3. Bb5 f5 4. Nc3 fxe4 5. Nxe4 d5 6. Nxe5 dxe4 7. Nxc6 Qg5 8. Qe2 Nf6 9. f4 Qxf4 10. Nxa7+ Bd7 11. Bxd7+ Kxd7 12. Qb5+ Ke6 13. Qb3+ Kd7 14. Qxb7 Bd6 15. Qb5+ Ke6 16. Qb3+ Kd7 17. Qf7+ Be7 18. Nc6 Kxc6 19. Qxe7 Rhe8 20. Qb4 Re5 21. b3 Rf5 22. Qd4 Qh4+ 23. g3 Qh5 24. a4 Rd8 25. Qc4+ Kb7 26. Qe2 Qxe2+ 27. Kxe2 e3 28. d4 Nd5 29. c4 Rf2+ 30. Kd3 Nb4+ 31. Kc3 Nc2 32. Ra2 Nxd4 33. Rxf2 exf2 34. Be3 Rf8 35. Rf1 Nxb3 36. Rxf2 Re8 37. Rf3 Na5 38. Bd2 Re7 39. Rf5 Nc6 40. Rb5+ Ka8 41. h4 h6 42. h5 Rf7 43. Bf4 Re7 44. Rd5 Rf7 45. Rd2 1/2-1/2

[Event "LIPEAP jub30-A corr"]
[Site "LIPEAP corr"]
[Date "2002.10.05"]
[Round "?"]
[White "Weber, Jean Marie"]
[Black "Van Kempen, Heinz Erich"]
[Result "1/2-1/2"]
[WhiteElo "2568"]
[BlackElo "2554"]
[PlyCount "34"]
[EventDate "2002.10.05"]
[EventType "tourn (corr)"]
[EventRounds "16"]
[EventCountry "ARG"]
[SourceTitle "Corr 2008"]
[Source "ChessBase"]
[SourceDate "2008.06.24"]
[SourceVersion "1"]
[SourceVersionDate "2008.06.24"]
[SourceQuality "1"]

1. d4 d5 2. c4 dxc4 3. Nf3 Nf6 4. e3 e6 5. Bxc4 a6 6. 0-0 c5 7. Bd3 cxd4 8. exd4 Be7 9. Nc3 Nc6 10. Bg5 0-0 11. Rc1 h6 12. Bh4 Qa5 13. Bb1 Rd8 14. Qd3 Nb4 15. Qe2 Bd7 16. Ne5 Nbd5 17. f4 Qb6 1/2-1/2

[Event "IECC P email"]
[Site "IECC email"]
[Date "2002.03.25"]
[Round "?"]
[White "Hummeling, Hans"]
[Black "Van Kempen, Heinz Erich"]
[Result "1/2-1/2"]
[WhiteElo "2108"]
[BlackElo "2532"]
[PlyCount "84"]
[EventDate "2002.??.??"]
[EventType "tourn (corr)"]
[EventRounds "6"]
[SourceTitle "Corr 2008"]
[Source "ChessBase"]
[SourceDate "2008.06.24"]
[SourceVersion "1"]
[SourceVersionDate "2008.06.24"]
[SourceQuality "1"]

1. d4 d5 2. c4 dxc4 3. Nf3 Nf6 4. e3 a6 5. Bxc4 e6 6. 0-0 c5 7. a4 Nc6 8. Qe2 cxd4 9. Rd1 Be7 10. exd4 0-0 11. Nc3 Nd5 12. Qe4 Nf6 13. Qh4 Nd5 14. Qg4 Nf6 15. Qg3 Nh5 16. Qh3 Nf6 17. Bg5 h6 18. Bxf6 Bxf6 19. Qg3 Qb6 20. Ne4 Be7 21. d5 exd5 22. Bxd5 Bf5 23. Ne5 Rad8 24. Qf4 Bxe4 25. Nc4 Qb4 26. Qxe4 Bc5 27. h3 Rde8 28. Qd3 Re7 29. Qd2 Rfe8 30. Bxc6 bxc6 31. Qxb4 Bxb4 32. Ne3 g6 33. Rac1 Re6 34. Nc2 c5 35. Nxb4 cxb4 36. Rc4 a5 37. Rd5 Re5 38. Rcd4 Kg7 39. Kh2 Rxd5 40. Rxd5 Re2 41. Kg3 Rxb2 42. Rxa5 Ra2 1/2-1/2

[Event "BRA jub30-A corr"]
[Site "Brazil"]
[Date "1999.12.31"]
[Round "?"]
[White "Gudyev, Mladen"]
[Black "Van Kempen, Heinz Erich"]
[Result "1-0"]
[WhiteElo "2537"]
[BlackElo "2549"]
[PlyCount "73"]
[EventDate "1999.12.31"]
[EventType "tourn (corr)"]
[EventRounds "14"]
[EventCountry "BRA"]
[EventCategory "10"]
[SourceTitle "Corr 2002"]
[Source "ChessBase"]
[SourceDate "2002.05.23"]
[SourceVersion "1"]
[SourceVersionDate "2002.05.23"]
[SourceQuality "1"]

1. e4 c5 2. Nf3 d6 3. d4 cxd4 4. Nxd4 Nf6 5. Nc3 a6 6. Bg5 e6 7. f4 Qb6 8. Qd2 Qxb2 9. Rb1 Qa3 10. f5 Nc6 11. fxe6 fxe6 12. Nxc6 bxc6 13. e5 dxe5 14. Bxf6 gxf6 15. Ne4 Be7 16. Be2 0-0 17. Rb3 Qa4 18. c4 f5 19. 0-0 f4 20. g3 c5 21. gxf4 Qc6 22. Bf3 Qc7 23. f5 exf5 24. Qd5+ Kh8 25. Qxa8 fxe4 26. Bxe4 Bf5 27. Qd5 Bxe4 28. Rxf8+ Bxf8 29. Qxe4 Qd6 30. Rd3 Qe6 31. Kh1 h6 32. Qd5 Qf5 33. Qf3 Qc8 34. Qf6+ Kh7 35. Qf7+ Bg7 36. Rd7 Qc6+ 37. Kg1 1-0

[Event "BRA jub30-A corr"]
[Site "Brazil"]
[Date "1999.12.31"]
[Round "?"]
[White "Simonsen, Iluska Pereira Cunh"]
[Black "Van Kempen, Heinz Erich"]
[Result "1/2-1/2"]
[WhiteElo "2398"]
[BlackElo "2549"]
[PlyCount "71"]
[EventDate "1999.12.31"]
[EventType "tourn (corr)"]
[EventRounds "14"]
[EventCountry "BRA"]
[EventCategory "10"]
[SourceTitle "Corr 2002"]
[Source "ChessBase"]
[SourceDate "2002.05.23"]
[SourceVersion "1"]
[SourceVersionDate "2002.05.23"]
[SourceQuality "1"]

1. d4 d5 2. c4 c6 3. Nc3 Nf6 4. Nf3 e6 5. e3 Nbd7 6. Qc2 Bd6 7. b3 0-0 8. Be2 b6 9. 0-0 Bb7 10. Bb2 Qe7 11. e4 Nxe4 12. Nxe4 dxe4 13. Qxe4 Rad8 14. Rad1 Nf6 15. Qh4 c5 16. dxc5 Bxc5 17. Bd3 Ne4 18. Qh5 f5 19. Ne5 a6 20. Bxe4 Bxe4 21. Kh1 b5 22. f3 Bb7 23. h3 Be3 24. f4 Be4 25. Qe2 Ba7 26. Kh2 b4 27. Nf3 h6 28. Ne5 Rfe8 29. Rfe1 Qh4 30. g3 Qe7 31. h4 Rxd1 32. Rxd1 Rd8 33. Kh3 Rd6 34. Rxd6 Qxd6 35. Qh5 Qd2 36. Qf7+ 1/2-1/2

[Event "BRA jub30-A corr"]
[Site "Brazil"]
[Date "1999.12.31"]
[Round "?"]
[White "Van Kempen, Heinz Erich"]
[Black "De Cresce, Salvador Homce"]
[Result "1/2-1/2"]
[WhiteElo "2549"]
[BlackElo "2483"]
[PlyCount "63"]
[EventDate "1999.12.31"]
[EventType "tourn (corr)"]
[EventRounds "14"]
[EventCountry "BRA"]
[EventCategory "10"]
[SourceTitle "Corr 2002"]
[Source "ChessBase"]
[SourceDate "2002.05.23"]
[SourceVersion "1"]
[SourceVersionDate "2002.05.23"]
[SourceQuality "1"]

1. e4 c5 2. Nf3 d6 3. d4 cxd4 4. Nxd4 Nf6 5. Nc3 Nc6 6. Bg5 e6 7. Qd2 a6 8. 0-0-0 Bd7 9. f4 b5 10. Bxf6 gxf6 11. Kb1 Qb6 12. Nxc6 Bxc6 13. Qe1 Ra7 14. f5 Qc5 15. Bd3 b4 16. Ne2 e5 17. Ng3 Bh6 18. Qe2 a5 19. Qh5 Be3 20. Nf1 Bd4 21. Qh6 a4 22. Qxf6 Rg8 23. Nd2 b3 24. cxb3 Bxb2 25. Rc1 Bxc1 26. Rxc1 Qd4 27. Rxc6 Qxd3+ 28. Kc1 axb3 29. Rc8+ Kd7 30. Qxf7+ Kxc8 31. Qxg8+ Kd7 32. Qxb3 1/2-1/2

[Event "BRA jub30-A corr"]
[Site "Brazil"]
[Date "1999.12.31"]
[Round "?"]
[White "Van Kempen, Heinz Erich"]
[Black "Haufe, Werner"]
[Result "1/2-1/2"]
[WhiteElo "2549"]
[BlackElo "2495"]
[PlyCount "53"]
[EventDate "1999.12.31"]
[EventType "tourn (corr)"]
[EventRounds "14"]
[EventCountry "BRA"]
[EventCategory "10"]
[SourceTitle "Corr 2002"]
[Source "ChessBase"]
[SourceDate "2002.05.23"]
[SourceVersion "1"]
[SourceVersionDate "2002.05.23"]
[SourceQuality "1"]

1. e4 e5 2. Nf3 Nc6 3. Nc3 Nf6 4. d4 exd4 5. Nxd4 Bb4 6. Nxc6 bxc6 7. Bd3 d5 8. exd5 cxd5 9. 0-0 0-0 10. Bg5 c6 11. Qf3 Be7 12. h3 h6 13. Bh4 Rb8 14. b3 Rb4 15. Bg3 Bd6 16. Rfe1 Qc7 17. Bxd6 Qxd6 18. Qe3 d4 19. Ne4 dxe3 20. Nxd6 exf2+ 21. Kxf2 Be6 22. Nc4 c5 23. Re5 Nd7 24. Re2 Rbb8 25. a4 Rfc8 26. Rae1 Kf8 27. g4 1/2-1/2

[Event "BRA jub30-A corr"]
[Site "Brazil"]
[Date "1999.12.31"]
[Round "?"]
[White "Van Kempen, Heinz Erich"]
[Black "Patrici, Norberto Eugenio"]
[Result "1-0"]
[WhiteElo "2549"]
[BlackElo "2510"]
[PlyCount "81"]
[EventDate "1999.12.31"]
[EventType "tourn (corr)"]
[EventRounds "14"]
[EventCountry "BRA"]
[EventCategory "10"]
[SourceTitle "Corr 2002"]
[Source "ChessBase"]
[SourceDate "2002.05.23"]
[SourceVersion "1"]
[SourceVersionDate "2002.05.23"]
[SourceQuality "1"]

1. e4 c5 2. Nf3 Nc6 3. Bb5 g6 4. 0-0 Bg7 5. c3 Nf6 6. Re1 0-0 7. d4 cxd4 8. cxd4 d5 9. e5 Ne4 10. Nc3 Nxc3 11. bxc3 Qa5 12. a4 Bg4 13. Re3 Rfc8 14. h3 Bd7 15. c4 a6 16. Bxc6 Bxc6 17. c5 Qc7 18. e6 f6 19. Rb1 Qd8 20. Bd2 Qe8 21. Qc1 Bh6 22. Reb3 Bxd2 23. Nxd2 Rcb8 24. a5 Qc8 25. Qe1 Qc7 26. Nf1 Qf4 27. Qe3 Qxe3 28. Nxe3 Kf8 29. Rb6 Ke8 30. Nc2 Bb5 31. Nb4 Bc4 32. Nc6 Rc8 33. Nxe7 Kxe7 34. Rxb7+ Ke8 35. R1b6 Bb5 36. Rxh7 Bc6 37. Rxc6 Rxc6 38. Rh8+ Ke7 39. Rxa8 Rxe6 40. Ra7+ Ke8 41. Kh2 1-0

[Event "BRA jub30-A corr"]
[Site "Brazil"]
[Date "1999.12.31"]
[Round "?"]
[White "Van Kempen, Heinz Erich"]
[Black "Toro Solis de Ovando, Guillermo F"]
[Result "1/2-1/2"]
[WhiteElo "2549"]
[BlackElo "2592"]
[PlyCount "44"]
[EventDate "1999.12.31"]
[EventType "tourn (corr)"]
[EventRounds "14"]
[EventCountry "BRA"]
[EventCategory "10"]
[SourceTitle "Corr 2002"]
[Source "ChessBase"]
[SourceDate "2002.05.23"]
[SourceVersion "1"]
[SourceVersionDate "2002.05.23"]
[SourceQuality "1"]

1. e4 c5 2. Nf3 Nc6 3. Bb5 g6 4. 0-0 Bg7 5. c3 Nf6 6. d4 d5 7. Re1 0-0 8. e5 Ne4 9. Bxc6 bxc6 10. Nbd2 cxd4 11. cxd4 c5 12. dxc5 Nxc5 13. Nb3 Nxb3 14. Qxb3 Bg4 15. Nd4 Qb6 16. Qe3 Rac8 17. b3 Rc7 18. Bb2 Rfc8 19. Qg3 Bd7 20. Rad1 Qa6 21. a3 e6 22. Qf4 Qb6 1/2-1/2